[Event "John Bishop Minor op"]
[Site "Cardiff"]
[Date "2009.04.13"]
[Round "7"]
[White "Varma, Varun"]
[Black "Wilkins, William"]
[Result "0-1"]
[WhiteElo "1288"]
[BlackElo "1473"]
[PlyCount "104"]
[EventDate "2009.04.10"]
[EventType "swiss"]
[EventRounds "7"]
[EventCountry "WLS"]
[SourceTitle "EXT 2011"]
[Source "ChessBase"]
[SourceDate "2010.11.26"]
[SourceVersion "1"]
[SourceVersionDate "2010.11.26"]
[SourceQuality "1"]

1. e4 c5 2. Nf3 d6 3. d4 cxd4 4. Nxd4 Nf6 5. Nc3 a6 6. Bg5 e5 7. Nb3 Be6 8. Nd5 Nbd7 9. Be2 h6 10. Bxf6 Nxf6 11. f3 Nxd5 12. exd5 Bf5 13. Bd3 g6 14. Qe2 Bg7 15. 0-0-0 0-0 16. g4 Bc8 17. h4 b5 18. Kb1 f5 19. gxf5 Bxf5 20. Bxf5 Rxf5 21. Qg2 Qf6 22. Qh3 Rxf3 23. Qe6+ Kf8 24. Rhg1 Qxe6 25. dxe6 Rf6 26. Rxd6 Ke7 27. Rd7+ Kf8 28. h5 g5 29. Nc5 Rc8 30. b4 Rxc5 31. bxc5 Rxe6 32. Rf1+ Bf6 33. Rd6 Ke7 34. Rxe6+ Kxe6 35. Rd1 Be7 36. c6 Bd6 37. c3 g4 38. Kc2 e4 39. Kd2 Kd5 40. Ke3+ Kxc6 41. Kxe4 g3 42. Rg1 Kc5 43. Kf5 Kc4 44. Kg6 Bf4 45. Kf5 Bc7 46. Re1 Bb6 47. Re4+ Kxc3 48. Rg4 Bf2 49. Kg6 Kb2 50. Kxh6 Kxa2 51. Kg6 Be1 52. h6 b4 0-1

[Event "John Bishop Minor op"]
[Site "Cardiff"]
[Date "2009.04.13"]
[Round "6"]
[White "Wilkins, William"]
[Black "Jones, Martin K"]
[Result "1/2-1/2"]
[WhiteElo "1473"]
[BlackElo "1588"]
[PlyCount "37"]
[EventDate "2009.04.10"]
[EventType "swiss"]
[EventRounds "7"]
[EventCountry "WLS"]
[SourceTitle "EXT 2011"]
[Source "ChessBase"]
[SourceDate "2010.11.26"]
[SourceVersion "1"]
[SourceVersionDate "2010.11.26"]
[SourceQuality "1"]

1. d4 d5 2. Nf3 e6 3. g3 Be7 4. Bg2 h6 5. 0-0 b5 6. a3 c5 7. e3 Bb7 8. Re1 Nf6 9. Ne5 Qc7 10. f4 Nbd7 11. c3 Ne4 12. Nd2 Nxd2 13. Bxd2 Nf6 14. b4 c4 15. a4 0-0 16. a5 Ne4 17. Bxe4 dxe4 18. Ng4 Rad8 19. Nf2 1/2-1/2